| 000 | 00819nam a22002177a 4500 | ||
|---|---|---|---|
| 999 |
_c17858 _d17858 |
||
| 003 | AR-CdUCM | ||
| 008 | 190509b ||||| |||| 00| 0 spa d | ||
| 040 |
_aMUNICIPALIDAD PROVINCIAL DEL CUSCO _cBIBLIOTECA MUNICIPAL DEL CUSCO |
||
| 082 |
_a661 / _bV66 |
||
| 100 |
_aVillaseca Carrasco, Raúl _938051 |
||
| 245 | _aEl computador en medicina / | ||
| 260 |
_aLima : _bLumen, _c1989. |
||
| 300 |
_a106 páginas ; _bilustraciones, _c20.5 cm. |
||
| 505 | _aContenido: Historia -- ¿Que es un microcomputador? -- El hardware -- El software -- Algunos lenguajes de programación -- Lógica de las computadoras -- Inteligencia artificial ... | ||
| 650 |
_aComputadoras _938052 |
||
| 650 |
_aMedicína _93637 |
||
| 650 |
_aSociología _9276 |
||
| 710 |
_aCONCYTEC. _92809 |
||
| 942 |
_2ddc _cLIBROS |
||
| 945 |
_aachl _d2019-05-09 |
||